| 000 -LEADER |
| fixed length control field |
00720cam a2200205 i 4500 |
| 020 ## - INTERNATIONAL STANDARD BOOK NUMBER |
| ISBN |
9781483382722 (Paperback : acidfree paper) |
| 040 ## - CATALOGING SOURCE |
| Transcribing agency |
DLC |
| 082 00 - DEWEY DECIMAL CLASSIFICATION NUMBER |
| Classification number |
370 ISB 1989 C161 Or. |
| 245 00 - TITLE STATEMENT |
| Title |
12 brain/mind learning principles in action : |
| Remainder of title |
teach for the development of higher order thinking and executive function / |
| 246 3# - VARYING FORM OF TITLE |
| Title proper/short title |
Twelve brain/mind learning principles in action |
| 250 ## - EDITION STATEMENT |
| Edition statement |
Third Edition. |
| 300 ## - PHYSICAL DESCRIPTION |
| Number of Pages |
xvii, 300 pages ; |
| Dimensions |
28 cm |
| 500 ## - GENERAL NOTE |
| General note |
Revised ed. of: 12 brain/mind learning principles in action, published in 2005. |
| 650 #0 - SUBJECT ADDED ENTRY--TOPICAL TERM |
| Topical Term |
Learning, Psychology of. |
| 650 #0 - SUBJECT ADDED ENTRY--TOPICAL TERM |
| Topical Term |
Learning |
| 650 #0 - SUBJECT ADDED ENTRY--TOPICAL TERM |
| Topical Term |
Brain. |
| 650 #0 - SUBJECT ADDED ENTRY--TOPICAL TERM |
| Topical Term |
Teaching. |
| 700 1# - ADDED ENTRY--PERSONAL NAME |
| Personal name |
Caine, Renate Nummela. |
| 942 ## - ADDED ENTRY ELEMENTS (KOHA) |
| Koha item type |
ADB |
| 952 ## - LOCATION AND ITEM INFORMATION (KOHA) |
| Withdrawn status [LOCAL, KOHA] |
0 |